<?xml version="1.0" encoding="UTF-8"?>
<record
    xmlns:xsi="http://www.w3.org/2001/XMLSchema-instance"
    xsi:schemaLocation="http://www.loc.gov/MARC21/slim http://www.loc.gov/standards/marcxml/schema/MARC21slim.xsd"
    xmlns="http://www.loc.gov/MARC21/slim">

  <leader>01814njm a2200361Ia 4500</leader>
  <controlfield tag="001">54427</controlfield>
  <controlfield tag="003">IT-RoPAU</controlfield>
  <controlfield tag="005">20220918181109.0</controlfield>
  <controlfield tag="008">131025s9999    xx            000 0 und d</controlfield>
  <datafield tag="040" ind1=" " ind2=" ">
    <subfield code="a">IT-RoPAU</subfield>
  </datafield>
  <datafield tag="040" ind1=" " ind2=" ">
    <subfield code="c">IT-RoPAU</subfield>
  </datafield>
  <datafield tag="999" ind1=" " ind2=" ">
    <subfield code="c">98861</subfield>
    <subfield code="d">98861</subfield>
  </datafield>
  <datafield tag="999" ind1=" " ind2=" ">
    <subfield code="b">n.d.</subfield>
  </datafield>
  <datafield tag="100" ind1=" " ind2=" ">
    <subfield code="a">Esposito Tony</subfield>
    <subfield code="9">2244</subfield>
  </datafield>
  <datafield tag="100" ind1=" " ind2=" ">
    <subfield code="e">Autore musica</subfield>
    <subfield code="9">22794</subfield>
  </datafield>
  <datafield tag="100" ind1=" " ind2=" ">
    <subfield code="g">Codice autore musica SPICS: 1121</subfield>
    <subfield code="9">2246</subfield>
  </datafield>
  <datafield tag="245" ind1=" " ind2=" ">
    <subfield code="a">Tony Esposito (Bubble) (Lp Blulp 1826)</subfield>
  </datafield>
  <datafield tag="250" ind1=" " ind2=" ">
    <subfield code="a">1a ed.</subfield>
  </datafield>
  <datafield tag="260" ind1=" " ind2=" ">
    <subfield code="a">ITALIA</subfield>
  </datafield>
  <datafield tag="260" ind1=" " ind2=" ">
    <subfield code="b">BUBBLE RECORD</subfield>
    <subfield code="c">1987 [1a Ed.:1987 - Ed. Lingua Orig.: 1987]</subfield>
  </datafield>
  <datafield tag="300" ind1=" " ind2=" ">
    <subfield code="a">DISCO</subfield>
  </datafield>
  <datafield tag="300" ind1=" " ind2=" ">
    <subfield code="c">48 minuti (Testo:  pag.)</subfield>
  </datafield>
  <datafield tag="500" ind1=" " ind2=" ">
    <subfield code="a">Musica strumentale.</subfield>
  </datafield>
  <datafield tag="505" ind1=" " ind2=" ">
    <subfield code="a">Hands [(Mani Mani) (5:00)] - Selamur [(Esposito-Malavasi-Amoruso-Adinolfi) (5:00)] - Nan&#xE0; [(Esposito) (5:00)] - Silena [(Esposito-Laccone-Licastro (5:00)] - Sarabanda catalana [(Esposito-Malavasi) (5:00)] - Aguadora [(Esposito-Amoruso) (14:00)] - Sinu&#xE8; [(Esposito-Licastro-Di Franco (4:00)] - Etnica [(Esposito) (3:00)] - Hands [(Part Two) (4:00)]</subfield>
  </datafield>
  <datafield tag="650" ind1=" " ind2=" ">
    <subfield code="a">STRUMENTALE [DISCHI]</subfield>
    <subfield code="e">Codice MATERIA SPICS: 9950</subfield>
    <subfield code="9">828</subfield>
  </datafield>
  <datafield tag="700" ind1=" " ind2=" ">
    <subfield code="a">Esposito Tony</subfield>
    <subfield code="g">Codice interprete SPICS: 1121</subfield>
    <subfield code="e">Interprete</subfield>
    <subfield code="9">22795</subfield>
  </datafield>
  <datafield tag="700" ind1=" " ind2=" ">
    <subfield code="a">Malavasi Mauro</subfield>
    <subfield code="g">Codice autore SPICS: 20739</subfield>
    <subfield code="e">Autore</subfield>
    <subfield code="p">Hands - Selamur - Sarabanda catalana - Hands (Part Two)</subfield>
    <subfield code="9">22796</subfield>
  </datafield>
  <datafield tag="700" ind1=" " ind2=" ">
    <subfield code="a">Adinolfi Alfonso</subfield>
    <subfield code="g">Codice autore testo/musica SPICS: 20740</subfield>
    <subfield code="e">Autore testo/musica</subfield>
    <subfield code="p">Selamur</subfield>
    <subfield code="9">22797</subfield>
  </datafield>
  <datafield tag="700" ind1=" " ind2=" ">
    <subfield code="a">Laccone Sergio</subfield>
    <subfield code="g">Codice autore SPICS: 20741</subfield>
    <subfield code="e">Autore</subfield>
    <subfield code="p">Silena</subfield>
    <subfield code="9">22798</subfield>
  </datafield>
  <datafield tag="700" ind1=" " ind2=" ">
    <subfield code="a">Licastro Remo</subfield>
    <subfield code="g">Codice autore testo/musica SPICS: 18808</subfield>
    <subfield code="e">Autore testo/musica</subfield>
    <subfield code="p">Silena - Sinu&#xE8;</subfield>
    <subfield code="9">22799</subfield>
  </datafield>
  <datafield tag="700" ind1=" " ind2=" ">
    <subfield code="a">Amoruso Joe</subfield>
    <subfield code="g">Codice autore SPICS: 20742</subfield>
    <subfield code="e">Autore</subfield>
    <subfield code="p">Aguadora</subfield>
    <subfield code="9">22800</subfield>
  </datafield>
  <datafield tag="700" ind1=" " ind2=" ">
    <subfield code="a">Di Franco</subfield>
    <subfield code="g">Codice autore testo/musica SPICS: 20743</subfield>
    <subfield code="e">Autore testo/musica</subfield>
    <subfield code="p">Sinu&#xE8;</subfield>
    <subfield code="9">22801</subfield>
  </datafield>
  <datafield tag="942" ind1=" " ind2=" ">
    <subfield code="c">MD</subfield>
    <subfield code="2">ddc</subfield>
  </datafield>
  <datafield tag="952" ind1=" " ind2=" ">
    <subfield code="0">0</subfield>
    <subfield code="1">0</subfield>
    <subfield code="4">0</subfield>
    <subfield code="6">54427_000000000000000</subfield>
    <subfield code="7">1</subfield>
    <subfield code="a">SPICS</subfield>
    <subfield code="b">SPICS</subfield>
    <subfield code="d">2013-10-25</subfield>
    <subfield code="l">0</subfield>
    <subfield code="o">54427</subfield>
    <subfield code="r">2013-10-25 00:00:00</subfield>
    <subfield code="w">2013-10-25</subfield>
    <subfield code="y">MD</subfield>
    <subfield code="z">Progr. Ins.: 15324 / N.Vol.: 1 / Copie: 1 - Copia rara: n.d. / date import: 01.01.2014 - By Epidotti, Trombetti, Vaglietti</subfield>
  </datafield>
</record>
